[Event "Qatar Masters Open 2014"]
[Site "Doha QAT"]
[Date "2014.11.27"]
[Round "2.64"]
[White "Dimitrijevic, Aleksandra"]
[Black "Debashis, Das"]
[Result "0-1"]
[WhiteElo "2323"]
[BlackElo "2485"]
[PlyCount "50"]
[EventDate "2014.11.26"]
[EventType "swiss"]
[EventRounds "9"]
[EventCountry "QAT"]
[Source "lmi"]
[SourceDate "2014.11.26"]

1. c4 e6 2. d4 Nf6 3. g3 d5 4. Nf3 Bb4+ 5. Bd2 Be7 6. Bg2 O-O 7. O-O c6 8. Qc2
Nbd7 9. Nc3 b6 10. cxd5 cxd5 11. Rac1 Bb7 12. Rfd1 Rc8 13. Qa4 a6 14. Ne5 b5
15. Qb3 Nxe5 16. dxe5 Ng4 17. e4 Qb6 18. Rf1 d4 19. Ne2 Nxe5 20. Nf4 Nc4 21.
Bb4 Rfe8 22. h4 Bxb4 23. Qxb4 a5 24. Qb3 Nd2 25. Rxc8 Rxc8 0-1

[Event "Qatar Masters Open 2014"]
[Site "Doha QAT"]
[Date "2014.11.27"]
[Round "2.65"]
[White "Nemcova, Katerina"]
[Black "Tari, Aryan"]
[Result "0-1"]
[WhiteElo "2312"]
[BlackElo "2479"]
[PlyCount "114"]
[EventDate "2014.11.26"]
[EventType "swiss"]
[EventRounds "9"]
[EventCountry "QAT"]
[Source "lmi"]
[SourceDate "2014.11.26"]

1. e4 c5 2. Nf3 d6 3. d4 cxd4 4. Nxd4 Nf6 5. Nc3 a6 6. Be3 e5 7. Nb3 Be6 8. f3
Be7 9. Qd2 Nbd7 10. g4 Qc7 11. g5 Nh5 12. O-O-O O-O 13. Rg1 b5 14. Nd5 Bxd5 15.
exd5 Nb6 16. Na5 Nxd5 17. Qxd5 Qxa5 18. Kb1 Rac8 19. Bd3 g6 20. c4 Nf4 21. Bxf4
exf4 22. cxb5 axb5 23. h4 Rc5 24. Qb3 d5 25. h5 Rfc8 26. hxg6 hxg6 27. Rg2 b4
28. Bc2 Qd8 29. Rgd2 Qc7 30. Re2 Qd7 31. Red2 Qe6 32. Qd3 Bxg5 33. Rg2 Bf6 34.
Bb3 Qc6 35. Qd2 Qd6 36. Bxd5 Kg7 37. Bb3 Qe5 38. Qd7 R8c7 39. Qd3 Qe3 40. Qxe3
fxe3 41. Bd5 Bh4 42. Re2 Bf2 43. a4 bxa3 44. bxa3 Rb5+ 45. Ka2 Rc3 46. Rd4 Rc1
47. Bb3 Rf5 48. f4 Bg3 49. Bc2 Rxf4 50. Rxf4 Bxf4 51. a4 Rh1 52. Kb3 f5 53. Bd3
Ra1 54. Kb4 Kf6 55. Kb5 Ke5 56. a5 Kd4 57. Bc2 Bc7 0-1

[Event "Qatar Masters Open 2014"]
[Site "Doha QAT"]
[Date "2014.11.27"]
[Round "2.66"]
[White "Zhukova, Natalia"]
[Black "Lammers, Markus"]
[Result "1-0"]
[WhiteElo "2470"]
[BlackElo "2327"]
[PlyCount "77"]
[EventDate "2014.11.26"]
[EventType "swiss"]
[EventRounds "9"]
[EventCountry "QAT"]
[Source "lmi"]
[SourceDate "2014.11.26"]

1. c4 e6 2. d4 Nf6 3. Nc3 c5 4. Nf3 cxd4 5. Nxd4 a6 6. e4 d6 7. Be2 Be7 8. O-O
O-O 9. Be3 b6 10. f3 Bb7 11. a4 Nc6 12. Nxc6 Bxc6 13. b4 a5 14. bxa5 Rxa5 15.
Nb5 Qb8 16. Bd2 Ra8 17. Bb4 Rd8 18. Qd2 Nd7 19. a5 Nc5 20. Nd4 Bb7 21. axb6 Bf6
22. Rab1 Ra6 23. Nb5 Bc6 24. Qe3 Bxb5 25. cxb5 Ra4 26. Rfd1 Rc8 27. f4 Qxb6 28.
Kh1 h6 29. e5 dxe5 30. fxe5 Bg5 31. Qf3 Qa7 32. Rf1 Rf8 33. Bxc5 Qxc5 34. b6
Qxe5 35. b7 Qc7 36. b8=Q Rxb8 37. Qxf7+ Qxf7 38. Rxb8+ Kh7 39. Rxf7 1-0

[Event "Qatar Masters Open 2014"]
[Site "Doha QAT"]
[Date "2014.11.27"]
[Round "2.67"]
[White "Georgiadis, Nico"]
[Black "Zhai, Mo"]
[Result "1-0"]
[WhiteElo "2460"]
[BlackElo "2325"]
[PlyCount "69"]
[EventDate "2014.11.26"]
[EventType "swiss"]
[EventRounds "9"]
[EventCountry "QAT"]
[Source "lmi"]
[SourceDate "2014.11.26"]

1. e4 c5 2. Nf3 d6 3. d4 cxd4 4. Nxd4 Nf6 5. Nc3 e6 6. g4 a6 7. g5 Nfd7 8. Be3
b5 9. a3 Bb7 10. Qd2 Nb6 11. O-O-O N8d7 12. Kb1 Ne5 13. Qe1 Qc7 14. Bc1 Rc8 15.
h4 Nec4 16. Rh3 Be7 17. f4 d5 18. e5 Nd7 19. h5 Nf8 20. f5 Bc5 21. fxe6 fxe6
22. Bxc4 bxc4 23. Rf3 Bxd4 24. Rxd4 Nd7 25. g6 hxg6 26. Qg3 Nxe5 27. Bf4 Nxf3
28. Bxc7 Nxd4 29. Qxg6+ Kd7 30. Be5 Nf5 31. Qf7+ Ne7 32. Bxg7 Rhe8 33. Ne2 d4
34. Nf4 Rc6 35. Bxd4 1-0

[Event "Qatar Masters Open 2014"]
[Site "Doha QAT"]
[Date "2014.11.27"]
[Round "2.69"]
[White "Christiansen, Johan-Sebastian"]
[Black "Zhu, Chen"]
[Result "1-0"]
[WhiteElo "2310"]
[BlackElo "2447"]
[PlyCount "79"]
[EventDate "2014.11.26"]
[EventType "swiss"]
[EventRounds "9"]
[EventCountry "QAT"]
[Source "lmi"]
[SourceDate "2014.11.26"]

1. Nf3 d5 2. c4 c6 3. g3 Nf6 4. Bg2 Bg4 5. Ne5 Bh5 6. cxd5 Nxd5 7. Qb3 Nd7 8.
Nd3 N7b6 9. a4 a5 10. e4 Nf6 11. Nf4 e5 12. Nxh5 Nxh5 13. O-O Bc5 14. d3 O-O
15. Be3 Nd7 16. Qxb7 Bxe3 17. fxe3 Nc5 18. Qxc6 Nxd3 19. Rd1 Rc8 20. Qb5 Qg5
21. Rxd3 Rc1+ 22. Kf2 f5 23. Qb3+ Kh8 24. Rd1 fxe4+ 25. Kg1 Rxd1+ 26. Qxd1
Qxe3+ 27. Kh1 Nxg3+ 28. hxg3 Qxg3 29. Qh5 g6 30. Qh3 Qe1+ 31. Kh2 Rf5 32. Qg3
Rh5+ 33. Bh3 Rxh3+ 34. Qxh3 e3 35. Qf3 Kg7 36. Ra3 e2 37. Kg2 e4 38. Qf2 Qd1
39. Re3 Qxb1 40. Qxe2 1-0

[Event "Qatar Masters Open 2014"]
[Site "Doha QAT"]
[Date "2014.11.27"]
[Round "2.70"]
[White "Das, Sayantan"]
[Black "Belouadah, Saad"]
[Result "0-1"]
[WhiteElo "2444"]
[BlackElo "2305"]
[PlyCount "108"]
[EventDate "2014.11.26"]
[EventType "swiss"]
[EventRounds "9"]
[EventCountry "QAT"]
[Source "lmi"]
[SourceDate "2014.11.26"]

1. e4 d6 2. d4 Nf6 3. Nc3 e5 4. Nf3 Nbd7 5. Bc4 Be7 6. O-O O-O 7. Re1 c6 8. a4
b6 9. Bg5 Bb7 10. Bxf6 Bxf6 11. d5 c5 12. a5 a6 13. axb6 Nxb6 14. Qd3 Qc7 15.
Nd2 Rfb8 16. Na4 Nxc4 17. Nxc4 Bc8 18. Qc3 Bd7 19. b3 Bb5 20. Nab2 Bg5 21. Ra2
Rf8 22. Qa5 Qe7 23. Qb6 Rad8 24. Raa1 f5 25. f3 Bf4 26. Nd3 Bh6 27. exf5 Rxf5
28. Re4 Rf6 29. Ncb2 Rdf8 30. Rf1 Bd2 31. c4 Be8 32. Nd1 Bg6 33. N3f2 a5 34.
Re2 Bb4 35. Ne3 h5 36. Rd1 Bc3 37. Nf1 Rf4 38. Kh1 Qf6 39. Ng3 Rxf3 40. gxf3
Qxf3+ 41. Kg1 h4 42. Nfh1 hxg3 43. Nxg3 Bd3 44. Rxd3 Qxd3 45. Qxd6 Bd4+ 46. Kg2
Qf3+ 47. Kh3 Rf6 48. Qd8+ Kh7 49. Re4 Rf4 50. Re2 Qg4+ 51. Kg2 Rf3 52. Ra2 Rf6
53. h3 Qf3+ 54. Kh2 Bf2 0-1

[Event "Qatar Masters Open 2014"]
[Site "Doha QAT"]
[Date "2014.11.27"]
[Round "2.71"]
[White "Nuri, Kambez"]
[Black "Goh, Wei Ming Kevin"]
[Result "0-1"]
[WhiteElo "2300"]
[BlackElo "2442"]
[PlyCount "116"]
[EventDate "2014.11.26"]
[EventType "swiss"]
[EventRounds "9"]
[EventCountry "QAT"]
[Source "lmi"]
[SourceDate "2014.11.26"]

1. e4 e6 2. d4 d5 3. Nc3 Bb4 4. e5 c5 5. a3 Bxc3+ 6. bxc3 Ne7 7. Qg4 O-O 8. Bd3
f5 9. exf6 Rxf6 10. Bg5 Rf7 11. Qh5 g6 12. Qd1 Nbc6 13. Nf3 Qf8 14. O-O c4 15.
Be2 Nf5 16. Ne5 Nxe5 17. dxe5 Bd7 18. Bg4 Ne7 19. Rb1 b6 20. a4 Nc6 21. Bf6 Qa3
22. Qd2 Raf8 23. h4 Rxf6 24. exf6 Rxf6 25. Rfe1 Qxa4 26. h5 Qa3 27. hxg6 hxg6
28. Re3 Qd6 29. Rbe1 Nd8 30. Qe2 a5 31. g3 a4 32. f4 Kf7 33. Qh2 Kg7 34. Qe2 b5
35. Qd2 Nc6 36. Qe2 Nd8 37. Re5 a3 38. Ra1 Nc6 39. Qe3 Rf8 40. Kg2 Ra8 41. Rg5
a2 42. Bh5 Be8 43. g4 Kf6 44. Qg3 Ne7 45. Qh4 Kg7 46. Qf2 d4 47. Re5 gxh5 48.
gxh5 Nf5 49. Kh2 Kh7 50. Qg2 Ra7 51. h6 Qe7 52. cxd4 Qh4+ 53. Kg1 Qxf4 54. Rxe6
Qxd4+ 55. Kh2 Qh4+ 56. Kg1 Qd4+ 57. Kh2 Qxa1 58. Rxe8 Qf6 0-1

[Event "Qatar Masters Open 2014"]
[Site "Doha QAT"]
[Date "2014.11.27"]
[Round "2.72"]
[White "Kathmale, Sameer"]
[Black "Sundararajan, Kidambi"]
[Result "1/2-1/2"]
[WhiteElo "2267"]
[BlackElo "2415"]
[PlyCount "138"]
[EventDate "2014.11.26"]
[EventType "swiss"]
[EventRounds "9"]
[EventCountry "QAT"]
[Source "lmi"]
[SourceDate "2014.11.26"]

1. e4 e5 2. Nf3 Nc6 3. Bb5 a6 4. Ba4 Nf6 5. O-O Be7 6. Re1 d6 7. c3 O-O 8. h3
b5 9. Bb3 Na5 10. Bc2 c5 11. d4 Qc7 12. Nbd2 Rd8 13. d5 c4 14. Nf1 Nb7 15. Bd2
Nc5 16. b4 cxb3 17. axb3 Bd7 18. Qb1 a5 19. Ng3 Rdc8 20. Rc1 Qd8 21. Be3 g6 22.
b4 axb4 23. Rxa8 Rxa8 24. cxb4 Na4 25. Bd3 Ne8 26. Rc2 Rc8 27. Ne2 Ng7 28. Nd2
f5 29. Rxc8 Qxc8 30. f3 Qd8 31. Nf1 Bg5 32. Bf2 Bh4 33. g3 Be7 34. Kh2 fxe4 35.
fxe4 Qf8 36. Ba7 Qc8 37. Qc1 Qd8 38. Be3 Ne8 39. Nc3 Nxc3 40. Qxc3 Bg5 41. Bxg5
Qxg5 42. Qd2 Qh5 43. Qg2 Nf6 44. Kg1 Bxh3 45. Qf2 Qg5 46. Qe3 Qxe3+ 47. Nxe3
Bd7 48. Nd1 Ne8 49. Nc3 Nc7 50. Kf2 Kf8 51. Be2 Ke7 52. Bd3 Na6 53. Na2 Kf6 54.
Be2 h5 55. Kg2 Kg5 56. Kf2 Kf6 57. Kg2 Ke7 58. g4 hxg4 59. Kg3 Kf6 60. Bxg4
Bxg4 61. Kxg4 Nc7 62. Nc3 Ke7 63. Kg5 Kf7 64. Kg4 Kf6 65. Kh4 Na6 66. Nxb5 Ke7
67. Kg5 Nxb4 68. Kxg6 Nc2 69. Kg5 Nb4 1/2-1/2

[Event "Qatar Masters Open 2014"]
[Site "Doha QAT"]
[Date "2014.11.27"]
[Round "2.73"]
[White "Sardana, Rishi"]
[Black "Salih, Akar Ali Salih"]
[Result "1-0"]
[WhiteElo "2415"]
[BlackElo "2284"]
[PlyCount "59"]
[EventDate "2014.11.26"]
[EventType "swiss"]
[EventRounds "9"]
[EventCountry "QAT"]
[Source "lmi"]
[SourceDate "2014.11.26"]

1. e4 c5 2. Nf3 d6 3. d4 cxd4 4. Nxd4 Nf6 5. Nc3 a6 6. h3 e6 7. g4 b5 8. Bg2
Bb7 9. O-O b4 10. Nd5 exd5 11. exd5 Qb6 12. Re1+ Kd8 13. Be3 Qc7 14. Bg5 Nbd7
15. Qe2 Ne5 16. f4 Qc5 17. fxe5 Qxd4+ 18. Be3 Qxe5 19. Bb6+ Kd7 20. Qc4 Rc8 21.
Qb3 Qxd5 22. Bxd5 Nxd5 23. Bf2 h5 24. Rad1 hxg4 25. Rxd5 Rxh3 26. Qxb4 Rh1+ 27.
Kxh1 Bxd5+ 28. Kg1 f5 29. Qa5 Be4 30. Rxe4 1-0

[Event "Qatar Masters Open 2014"]
[Site "Doha QAT"]
[Date "2014.11.27"]
[Round "2.74"]
[White "Gagare, Shardul"]
[Black "Liang, Awonder"]
[Result "1-0"]
[WhiteElo "2411"]
[BlackElo "2266"]
[PlyCount "97"]
[EventDate "2014.11.26"]
[EventType "swiss"]
[EventRounds "9"]
[EventCountry "QAT"]
[Source "lmi"]
[SourceDate "2014.11.26"]

1. d4 Nf6 2. c4 g6 3. Nc3 Bg7 4. g3 O-O 5. Bg2 c6 6. e4 d6 7. Nge2 e5 8. O-O a5
9. h3 Na6 10. Be3 exd4 11. Nxd4 Re8 12. Re1 Nc5 13. Qc2 Bd7 14. Rad1 Qc7 15.
Nb3 Be6 16. Nxc5 dxc5 17. Bxc5 Bxc4 18. Bd6 Qd8 19. Na4 Be6 20. Nc5 Qc8 21. Kh2
Rd8 22. b3 Ne8 23. Bf4 Bf6 24. Rxd8 Bxd8 25. Rd1 Bf6 26. Rd3 Ng7 27. Qd2 b6 28.
Nxe6 Nxe6 29. Bd6 Qe8 30. e5 Bg7 31. Qe3 Ra6 32. Qe4 Nc5 33. Bxc5 bxc5 34. Qc4
Rb6 35. Qxc5 Rb5 36. Qc4 Rxe5 37. Bxc6 Qe7 38. Rd7 Qf6 39. Kg2 h5 40. Bd5 Rf5
41. Bxf7+ Kh7 42. Qc2 Qb6 43. Bd5 Qb5 44. Bc6 Qb6 45. Be4 Rf6 46. Rd5 Kh8 47.
Rg5 h4 48. Rxg6 hxg3 49. Qc8+ 1-0

[Event "Qatar Masters Open 2014"]
[Site "Doha QAT"]
[Date "2014.11.27"]
[Round "2.75"]
[White "Sukandar, Irine Kharisma"]
[Black "Ni, Shiqun"]
[Result "1-0"]
[WhiteElo "2407"]
[BlackElo "2262"]
[PlyCount "97"]
[EventDate "2014.11.26"]
[EventType "swiss"]
[EventRounds "9"]
[EventCountry "QAT"]
[Source "lmi"]
[SourceDate "2014.11.26"]

1. e4 e5 2. Bc4 Nf6 3. d3 Bc5 4. Nf3 d6 5. c3 Bb6 6. Bb3 Nbd7 7. Nbd2 c6 8. Nc4
Bc7 9. Ne3 Nc5 10. Bc2 d5 11. exd5 Nxd5 12. O-O O-O 13. d4 exd4 14. cxd4 Ne6
15. Bb3 Bb6 16. Nxd5 cxd5 17. Be3 Qd6 18. Qd3 Rd8 19. Rfe1 Nf8 20. Bg5 f6 21.
Bh4 Bg4 22. Bg3 Qd7 23. h3 Bf5 24. Qd2 Ne6 25. Qb4 Kh8 26. a4 Rac8 27. a5 Bc7
28. Nh4 Be4 29. Bxc7 Rxc7 30. Re3 Nf4 31. f3 Bg6 32. Nxg6+ Nxg6 33. Rae1 h5 34.
Ba2 Kh7 35. Bb1 f5 36. Re6 Qf7 37. Qd2 Re7 38. Rxe7 Nxe7 39. Qg5 Rd7 40. g4
hxg4 41. hxg4 g6 42. Kf2 Kg7 43. Rh1 Kg8 44. Qh4 Kf8 45. gxf5 Nxf5 46. Qh8+ Qg8
47. Bxf5 gxf5 48. Qf6+ Rf7 49. Qd8+ 1-0

[Event "Qatar Masters Open 2014"]
[Site "Doha QAT"]
[Date "2014.11.27"]
[Round "2.77"]
[White "Kanter, Eduard"]
[Black "Tomashevskaya, Lidia"]
[Result "0-1"]
[WhiteElo "2394"]
[BlackElo "2210"]
[PlyCount "76"]
[EventDate "2014.11.26"]
[EventType "swiss"]
[EventRounds "9"]
[EventCountry "QAT"]
[Source "lmi"]
[SourceDate "2014.11.26"]

1. d4 Nf6 2. c4 e6 3. g3 c5 4. d5 exd5 5. cxd5 d6 6. Bg2 g6 7. Nf3 Bg7 8. O-O
O-O 9. Nc3 a6 10. a4 Re8 11. Bf4 Nh5 12. Bg5 Qc7 13. Re1 Nd7 14. e4 c4 15. h3
h6 16. Be3 Nc5 17. g4 Nf6 18. e5 Nfd7 19. exd6 Qxd6 20. Nd2 Ne5 21. Nde4 Nxe4
22. Nxe4 Qd8 23. Qd2 Kh7 24. Bd4 f5 25. gxf5 Bxf5 26. Ng3 Qd7 27. Qc3 Nd3 28.
Rxe8 Rxe8 29. Nxf5 Qxf5 30. Qxc4 Rc8 31. Qb3 Bxd4 32. Qxb7+ Kh8 33. d6 Rd8 34.
Qxa6 Qxf2+ 35. Kh1 Qg3 36. Qc4 Nf2+ 37. Kg1 Nxh3+ 38. Kh1 Be5 0-1

[Event "Qatar Masters Open 2014"]
[Site "Doha QAT"]
[Date "2014.11.28"]
[Round "3.4"]
[White "L'Ami, Erwin"]
[Black "Tomashevsky, Evgeny"]
[Result "0-1"]
[WhiteElo "2618"]
[BlackElo "2714"]
[PlyCount "122"]
[EventDate "2014.11.26"]
[EventType "swiss"]
[EventRounds "9"]
[EventCountry "QAT"]
[Source "lmi"]
[SourceDate "2014.11.26"]

1. d4 Nf6 2. c4 e6 3. Nc3 Bb4 4. Qc2 O-O 5. Nf3 c5 6. dxc5 Na6 7. g3 Nxc5 8.
Bg2 b6 9. O-O Bb7 10. Nb5 Be4 11. Qd1 Nb7 12. a3 Be7 13. Bf4 Rc8 14. Rc1 a6 15.
Nc3 Bxf3 16. Bxf3 Na5 17. b4 Nxc4 18. Bb7 Nh5 19. Bxc8 Qxc8 20. Na4 Nxf4 21.
gxf4 Bd8 22. Qd3 b5 23. Nc5 d5 24. e4 Bb6 25. exd5 Rd8 26. Qh3 Bxc5 27. bxc5
exd5 28. Qxc8 Rxc8 29. Rfd1 Rxc5 30. Rd3 Kf8 31. Re1 g6 32. Kg2 a5 33. h3 h6
34. Kh2 Kg7 35. Re7 Kf6 36. Ra7 a4 37. Kg2 Ke6 38. Ra6+ Kf5 39. Kf3 h5 40. h4
f6 41. Rd4 Nxa3 42. Rd6 Nc2 43. R4xd5+ Rxd5 44. Rxd5+ Ke6 45. Rc5 b4 46. f5+
gxf5 47. Rxc2 b3 48. Rc6+ Kd5 49. Rb6 Kc4 50. Ra6 b2 51. Rxa4+ Kc5 52. Ra5+ Kc6
53. Rxf5 b1=Q 54. Rxf6+ Kd5 55. Rf4 Ke5 56. Rf8 Qg6 57. Ke2 Qe4+ 58. Kf1 Qh1+
59. Ke2 Qxh4 60. Re8+ Kd4 61. Re3 Qh1 0-1

[Event "Qatar Masters Open 2014"]
[Site "Doha QAT"]
[Date "2014.11.28"]
[Round "3.5"]
[White "Van Kampen, Robin"]
[Black "Kryvoruchko, Yuriy"]
[Result "1/2-1/2"]
[WhiteElo "2612"]
[BlackElo "2706"]
[PlyCount "63"]
[EventDate "2014.11.26"]
[EventType "swiss"]
[EventRounds "9"]
[EventCountry "QAT"]
[Source "lmi"]
[SourceDate "2014.11.26"]

1. e4 e5 2. Nf3 Nc6 3. Bb5 a6 4. Ba4 Nf6 5. O-O b5 6. Bb3 Bc5 7. c3 d6 8. a4
Rb8 9. d4 Bb6 10. axb5 axb5 11. Qd3 O-O 12. Bg5 exd4 13. cxd4 h6 14. Bh4 g5 15.
Bg3 Nh5 16. Nc3 Nxg3 17. fxg3 Ne5 18. Qd2 Nc4 19. Bxc4 bxc4 20. h3 f5 21. Rae1
fxe4 22. Nxe4 Bf5 23. Kh2 d5 24. Nexg5 hxg5 25. Re5 c6 26. Nxg5 Qd7 27. Ne6
Bxe6 28. Rg5+ Kh8 29. Rh5+ Kg8 30. Rg5+ Kh8 31. Rh5+ Kg8 32. Rg5+ 1/2-1/2

[Event "Qatar Masters Open 2014"]
[Site "Doha QAT"]
[Date "2014.11.28"]
[Round "3.6"]
[White "Yu, Yangyi"]
[Black "Salem, A.R. Saleh"]
[Result "1/2-1/2"]
[WhiteElo "2705"]
[BlackElo "2586"]
[PlyCount "52"]
[EventDate "2014.11.26"]
[EventType "swiss"]
[EventRounds "9"]
[EventCountry "QAT"]
[Source "lmi"]
[SourceDate "2014.11.26"]

1. e4 c5 2. Nf3 d6 3. d4 cxd4 4. Nxd4 Nf6 5. Nc3 Nc6 6. Bg5 e6 7. Qd2 Be7 8.
O-O-O a6 9. f4 Bd7 10. Kb1 b5 11. Bxf6 Bxf6 12. Nxc6 Bxc6 13. Qxd6 Qxd6 14.
Rxd6 Rc8 15. a4 Bxc3 16. bxc3 Bxe4 17. Rxa6 Rxc3 18. Bxb5+ Ke7 19. Re1 Bxc2+
20. Kb2 Rhc8 21. Rc1 Rb3+ 22. Ka2 Rbc3 23. Kb2 Rb3+ 24. Ka2 Rbc3 25. Kb2 Rb3+
26. Ka2 Rbc3 1/2-1/2

[Event "Qatar Masters Open 2014"]
[Site "Doha QAT"]
[Date "2014.11.28"]
[Round "3.7"]
[White "Grandelius, Nils"]
[Black "Moiseenko, Alexander"]
[Result "1-0"]
[WhiteElo "2573"]
[BlackElo "2701"]
[PlyCount "181"]
[EventDate "2014.11.26"]
[EventType "swiss"]
[EventRounds "9"]
[EventCountry "QAT"]
[Source "lmi"]
[SourceDate "2014.11.26"]

1. d4 Nf6 2. c4 e6 3. Nc3 Bb4 4. Qc2 Nc6 5. Nf3 d6 6. Bd2 O-O 7. a3 Bxc3 8.
Bxc3 Qe7 9. e3 e5 10. d5 Nd8 11. Bd3 Bg4 12. Nd2 Bh5 13. f3 Bg6 14. e4 Nh5 15.
g3 b6 16. Nf1 a5 17. b4 axb4 18. axb4 Rxa1+ 19. Bxa1 h6 20. Ne3 Qg5 21. Kf2 c5
22. b5 Nb7 23. Bc3 Ra8 24. Qb2 Qd8 25. Ra1 Nf6 26. Ra6 Ne8 27. Bf1 Rb8 28. Bh3
Bh5 29. Qa1 Qf6 30. Bg2 Qd8 31. Bh3 Qf6 32. Bg2 Qd8 33. h4 Kf8 34. Nd1 Nc7 35.
Ra7 Qc8 36. Ne3 Bg6 37. Kg1 f6 38. Kh2 Be8 39. f4 Bd7 40. Bf3 Ra8 41. f5 Be8
42. g4 Qb8 43. Rxa8 Qxa8 44. Qxa8 Nxa8 45. Bd2 Nd8 46. Nd1 Nf7 47. Kg3 Ke7 48.
Nf2 Nc7 49. Be2 Bd7 50. Nh3 Ne8 51. Be3 Kf8 52. Nf2 Ke7 53. Nd1 Nc7 54. Nc3 Be8
55. Bf3 Na8 56. Na4 Nd8 57. g5 hxg5 58. hxg5 Nb7 59. Bd2 Nd8 60. Kh4 Kf8 61.
Be2 Nf7 62. g6 Nd8 63. Nxb6 Nxb6 64. Ba5 Nxc4 65. Bxc4 Ke7 66. b6 Nb7 67. Bd2
Ba4 68. Kg3 Bd7 69. Ba6 Bc8 70. Kf2 Kf8 71. Ke2 Ke7 72. Kd3 Kf8 73. Kc3 Ke7 74.
Kb2 Kf8 75. Ka3 Ke7 76. Ka4 Kf8 77. Bb5 Ke7 78. Bc6 Nd8 79. Kb5 Kf8 80. Bc1 Ke7
81. Be3 Kf8 82. Bd2 Ke7 83. Ba8 Kf8 84. b7 Bxb7 85. Bxb7 Nxb7 86. Kc6 Nd8+ 87.
Kxd6 Ke8 88. Kxc5 Kd7 89. Kb6 Ke7 90. Kc7 Ke8 91. d6 1-0

[Event "Qatar Masters Open 2014"]
[Site "Doha QAT"]
[Date "2014.11.28"]
[Round "3.9"]
[White "Sandipan, Chanda"]
[Black "Eljanov, Pavel"]
[Result "0-1"]
[WhiteElo "2603"]
[BlackElo "2719"]
[PlyCount "92"]
[EventDate "2014.11.26"]
[EventType "swiss"]
[EventRounds "9"]
[EventCountry "QAT"]
[Source "lmi"]
[SourceDate "2014.11.26"]

1. d4 Nf6 2. c4 e6 3. Nc3 Bb4 4. e3 O-O 5. Nf3 c5 6. Bd2 cxd4 7. exd4 d5 8. c5
b6 9. a3 Bxc3 10. Bxc3 Ne4 11. Qc2 bxc5 12. dxc5 Nxc3 13. Qxc3 e5 14. Bb5 d4
15. Qd2 Qd5 16. Rc1 Ba6 17. Bxa6 Nxa6 18. O-O Nc7 19. Rfe1 f6 20. Qd3 Rfb8 21.
b4 a5 22. Rb1 axb4 23. axb4 Ne6 24. Qf5 Nf4 25. b5 Qxc5 26. g3 Ng6 27. Qe6+ Kh8
28. Rec1 Qe7 29. Qc6 Qb7 30. b6 Ne7 31. Qxb7 Rxb7 32. Nd2 Nd5 33. Nc4 h5 34.
Rb5 Nc3 35. Rb2 Ra4 36. Nd6 Rxb6 37. Rxb6 Ne2+ 38. Kg2 Nxc1 39. Kf3 d3 40. Ne4
Ne2 41. Nc5 Nd4+ 42. Ke3 d2 43. Rb1 Rc4 44. Ne4 Nf5+ 45. Kf3 Rd4 46. Rd1 Nd6
0-1

[Event "Qatar Masters Open 2014"]
[Site "Doha QAT"]
[Date "2014.11.28"]
[Round "3.12"]
[White "Saric, Ivan"]
[Black "Miton, Kamil"]
[Result "1/2-1/2"]
[WhiteElo "2680"]
[BlackElo "2601"]
[PlyCount "107"]
[EventDate "2014.11.26"]
[EventType "swiss"]
[EventRounds "9"]
[EventCountry "QAT"]
[Source "lmi"]
[SourceDate "2014.11.26"]

1. e4 e5 2. Nf3 Nc6 3. Bc4 Bc5 4. O-O Nf6 5. d4 Bxd4 6. Nxd4 Nxd4 7. f4 d6 8.
fxe5 dxe5 9. Bg5 Be6 10. Na3 Qe7 11. c3 Nc6 12. Kh1 h6 13. Bxf6 gxf6 14. Bb3
Rg8 15. Nc2 Rg6 16. Ne3 Rd8 17. Qe2 a6 18. Rf2 Qc5 19. Bxe6 fxe6 20. Qh5 Kf7
21. Ng4 Kg7 22. Rxf6 Rxf6 23. Nxf6 Qf2 24. Ne8+ Kh7 25. Nxc7 Rg8 26. Qf3 Rf8
27. Qxf2 Rxf2 28. Rb1 Na5 29. Kg1 Rc2 30. b3 Rxc3 31. Nxe6 Rc2 32. a4 Kg6 33.
Nf8+ Kf7 34. Rf1+ Ke7 35. Ng6+ Ke6 36. Nf8+ Ke7 37. Ng6+ Ke6 38. Nxe5 Kxe5 39.
Rf5+ Kxe4 40. Rxa5 Rc1+ 41. Kf2 Rc2+ 42. Kg3 Rc3+ 43. Kg4 Rxb3 44. Kh5 Rb2 45.
Kxh6 Rxg2 46. h4 Ra2 47. Rg5 Kf4 48. a5 Rc2 49. h5 Rc6+ 50. Rg6 Rc5 51. Rg7
Rxa5 52. Rxb7 Rb5 53. Rxb5 axb5 54. Kg7 1/2-1/2

[Event "Qatar Masters Open 2014"]
[Site "Doha QAT"]
[Date "2014.11.28"]
[Round "3.13"]
[White "Zhao, Jun"]
[Black "Melkumyan, Hrant"]
[Result "1/2-1/2"]
[WhiteElo "2578"]
[BlackElo "2678"]
[PlyCount "79"]
[EventDate "2014.11.26"]
[EventType "swiss"]
[EventRounds "9"]
[EventCountry "QAT"]
[Source "lmi"]
[SourceDate "2014.11.26"]

1. e4 e5 2. Nf3 Nc6 3. Bb5 Nf6 4. d3 Bc5 5. Bxc6 dxc6 6. Nbd2 O-O 7. Nc4 Nd7 8.
O-O Re8 9. Bd2 Bd6 10. Bc3 f6 11. Nh4 Nf8 12. Kh1 Ng6 13. Qh5 Nf4 14. Qf3 Bf8
15. g3 Ne6 16. Qd1 Nd4 17. Ne3 c5 18. b3 Be6 19. f4 exf4 20. gxf4 f5 21. Nhxf5
Bxf5 22. Nxf5 Nxf5 23. exf5 Qd5+ 24. Qf3 Qxf3+ 25. Rxf3 Re2 26. Rg1 Rxc2 27.
Bxg7 Bxg7 28. Rfg3 Kf7 29. Rxg7+ Kf6 30. Rxc7 b6 31. Rxh7 Kxf5 32. Rg2 Rc1+ 33.
Rg1 Rc2 34. Rh4 Re8 35. Rg5+ Kf6 36. Rh6+ Kf7 37. Rh7+ Kf6 38. Rh6+ Kf7 39.
Rh7+ Kf6 40. Rh6+ 1/2-1/2

[Event "Qatar Masters Open 2014"]
[Site "Doha QAT"]
[Date "2014.11.28"]
[Round "3.15"]
[White "Kuzubov, Yuriy"]
[Black "Guseinov, Gadir"]
[Result "0-1"]
[WhiteElo "2661"]
[BlackElo "2592"]
[PlyCount "80"]
[EventDate "2014.11.26"]
[EventType "swiss"]
[EventRounds "9"]
[EventCountry "QAT"]
[Source "lmi"]
[SourceDate "2014.11.26"]

1. e4 c5 2. Nf3 Nc6 3. d4 cxd4 4. Nxd4 g6 5. c4 Bg7 6. Be3 Nf6 7. Nc3 O-O 8.
Be2 d6 9. O-O Bd7 10. Qd2 Nxd4 11. Bxd4 Bc6 12. f3 Nd7 13. Be3 a5 14. b3 Nc5
15. Rab1 e6 16. Rfd1 Be5 17. Qe1 Qf6 18. Rbc1 Rfd8 19. Bf1 g5 20. Ne2 g4 21.
fxg4 Nxe4 22. Nd4 d5 23. Be2 a4 24. Bf3 axb3 25. axb3 Ng5 26. Qe2 Bf4 27. Rf1
Ra2 28. Qe1 Qe5 29. Bxf4 Qxf4 30. Rd1 dxc4 31. Nxc6 Nh3+ 32. Kh1 Nf2+ 33. Rxf2
Rxd1 34. Qxd1 Rxf2 35. Ne7+ Kf8 36. Qd8+ Kg7 37. Kg1 Qe3 38. Qg8+ Kf6 39. Nd5+
exd5 40. g5+ Ke7 0-1

[Event "Qatar Masters Open 2014"]
[Site "Doha QAT"]
[Date "2014.11.28"]
[Round "3.16"]
[White "Gabuzyan, Hovhannes"]
[Black "Edouard, Romain"]
[Result "0-1"]
[WhiteElo "2565"]
[BlackElo "2659"]
[PlyCount "132"]
[EventDate "2014.11.26"]
[EventType "swiss"]
[EventRounds "9"]
[EventCountry "QAT"]
[Source "lmi"]
[SourceDate "2014.11.26"]

1. Nf3 d5 2. g3 g6 3. d4 Bg7 4. Bg2 Nh6 5. O-O Nf5 6. c3 Nd6 7. Bf4 Nd7 8. Nbd2
O-O 9. Qb3 Nf6 10. Be5 c6 11. a4 a5 12. Ne1 Bh6 13. Rd1 Bg4 14. f3 Be6 15. Nc2
Ra6 16. Qa2 Bf5 17. b3 Bxc2 18. Qxc2 Nf5 19. Bxf6 exf6 20. f4 Ne3 21. Qd3 Re8
22. Rc1 Nxf1 23. Kxf1 Bf8 24. e4 dxe4 25. Nxe4 f5 26. Ng5 Ra8 27. Qc4 Qe7 28.
Nf3 Bg7 29. Re1 Qd7 30. Rd1 Rad8 31. Kf2 Bf6 32. Bf1 Kg7 33. Bd3 Qe6 34. Qxe6
fxe6 35. Ke3 c5 36. Rd2 cxd4+ 37. cxd4 Rd6 38. Bc4 h6 39. h4 Bd8 40. Bb5 Re7
41. Rc2 Rc7 42. Bc4 Rb6 43. Kd3 Bf6 44. Re2 Kf7 45. Rc2 Ke7 46. Re2 Rd6 47. Rd2
Rc8 48. Ke3 Rb6 49. Kd3 Rb4 50. Kc3 Rb6 51. Kd3 Rd6 52. Ke3 Rg8 53. Rh2 Rg7 54.
Rh1 Rd8 55. Rh2 g5 56. hxg5 hxg5 57. Rh6 gxf4+ 58. gxf4 Rdg8 59. Rh5 Kd6 60.
Rh6 Rg6 61. Rh7 R8g7 62. Rh8 Rg3 63. Kf2 R3g4 64. Ke3 Rxf4 65. Bd3 Rg3 66. Kxf4
Rg4+ 0-1